|
|
|
|
| LEADER |
00000nab a2200000 a 4500 |
| 001 |
vtls008835488 |
| 003 |
SK-MaSNL |
| 005 |
20260426083924.0 |
| 008 |
250505c2002 xo qr|p|||||||000 b|slo |
| 015 |
|
|
|a SNBRB2006/08
|
| 035 |
|
|
|a (uuid)e2893c35-48a0-46f9-8bdd-d05d4c3c7d6c
|
| 035 |
|
|
|a urn:nbn:sk:snk-abc0ke
|
| 035 |
|
|
|a (urnnbn)urn:nbn:sk:snk:ar-000ned
|
| 038 |
|
|
|a SNKBUCL
|
| 040 |
|
|
|a SNKBUCL
|b slo
|c SNKBUCL
|e AACR2
|
| 041 |
0 |
|
|a slo
|
| 044 |
|
|
|a xo
|c SK
|
| 080 |
|
|
|a 347.772
|2 1997
|
| 080 |
|
|
|a 57.063.7
|2 1997
|
| 100 |
|
|
|a Beňovská, Katarína
|4 aut
|9 796703
|
| 245 |
1 |
0 |
|a Ochrana práv nových odrôd rastlín na Slovensku
|c Katarína Beňovská
|
| 504 |
|
|
|a Bibliogr. odkazy
|
| 650 |
0 |
7 |
|a odrody rastlín
|2 snkbucl
|9 78812
|
| 650 |
0 |
7 |
|a právo duševného vlastníctva
|2 snkbucl
|9 4270
|
| 650 |
0 |
7 |
|a právna ochrana
|2 snkbucl
|9 407609
|
| 651 |
|
7 |
|a Slovensko
|2 snkbucl
|9 14231
|
| 773 |
0 |
|
|t Duševné vlastníctvo
|g Roč. 6, č. 1 (2002), s. 16-18
|x 1210-1605
|
| 850 |
|
|
|a Slovenská národná knižnica
|
| 852 |
|
|
|a Slovenská národná knižnica
|
| 954 |
|
|
|a odborná, vedecká literatúra pôvodná (slovenská)
|2 lita
|
| 958 |
|
|
|a article15
|
| 958 |
|
|
|a OND
|
| 958 |
|
|
|a SK
|
| 958 |
|
|
|a NB
|
| 958 |
|
|
|a EUIPO
|
| 999 |
|
|
|c 2917219
|d 2919149
|